[Event "SLO-chT1 West"]
[Site "Ljubljana"]
[Date "2010.10.08"]
[Round "4.5"]
[White "Ivetic, Saso"]
[Black "Hasanagic, Anel"]
[Result "0-1"]
[WhiteElo "2016"]
[BlackElo "2087"]
[PlyCount "76"]
[EventDate "2010.09.24"]
[EventType "team-tourn"]
[EventRounds "9"]
[EventCountry "SLO"]
[SourceTitle "CBM 138 Extra"]
[Source "ChessBase"]
[SourceDate "2010.10.29"]
[SourceVersion "1"]
[SourceVersionDate "2010.10.29"]
[SourceQuality "1"]
[WhiteTeam "Kocevje"]
[BlackTeam "Jesenice"]
[WhiteTeamCountry "SLO"]
[BlackTeamCountry "SLO"]

1. e4 c5 2. Nf3 a6 3. Nc3 Nc6 4. d4 cxd4 5. Nxd4 e5 6. Nf5 d6 7. Ne3 Be6 8. Ned5 Nf6 9. Bg5 Be7 10. Bxf6 gxf6 11. Bd3 f5 12. exf5 Bxd5 13. Nxd5 Qa5+ 14. Nc3 d5 15. 0-0 e4 16. Be2 0-0-0 17. a3 Qc5 18. Bg4 Bf6 19. Na4 Qd6 20. Qd2 Rhg8 21. Be2 Bg5 22. Qc3 Bf4 23. Qh3 Be5 24. c4 Nd4 25. Bd1 dxc4 26. Rc1 Kb8 27. Nc3 Qc6 28. Re1 Bf4 29. Rb1 Bd2 30. Rf1 Rg5 31. g3 e3 32. f4 e2 33. Nxe2 Be3+ 34. Rf2 Nf3+ 35. Kf1 Nd2+ 36. Ke1 Qh1+ 37. Ng1 Qxg1+ 38. Rf1 Nxf1 0-1

[Event "SLO-chT1 West"]
[Site "Ljubljana"]
[Date "2010.09.26"]
[Round "3.4"]
[White "Ivetic, Saso"]
[Black "Skok, Boris"]
[Result "1/2-1/2"]
[WhiteElo "2016"]
[BlackElo "2082"]
[PlyCount "147"]
[EventDate "2010.09.24"]
[EventType "team-tourn"]
[EventRounds "9"]
[EventCountry "SLO"]
[SourceTitle "CBM 138 Extra"]
[Source "ChessBase"]
[SourceDate "2010.10.29"]
[SourceVersion "1"]
[SourceVersionDate "2010.10.29"]
[SourceQuality "1"]
[WhiteTeam "Kocevje"]
[BlackTeam "Komenda"]
[WhiteTeamCountry "SLO"]
[BlackTeamCountry "SLO"]

1. e4 c5 2. Nf3 e6 3. g3 Nc6 4. Bg2 Nge7 5. d3 g6 6. 0-0 Bg7 7. c3 d5 8. Nbd2 0-0 9. Re1 a5 10. a3 b6 11. e5 Ba6 12. d4 Rc8 13. Nf1 h6 14. Ne3 Kh7 15. Nh4 Nf5 16. Nexf5 gxf5 17. Bh3 Ne7 18. Qh5 Qe8 19. Bg5 f6 20. Qxe8 Rcxe8 21. exf6 Bxf6 22. Bxf6 Rxf6 23. f4 Bd3 24. Re3 Be4 25. Kf2 Rc8 26. dxc5 bxc5 27. Nf3 Rb8 28. Re2 Rb7 29. Ne5 Rf8 30. Rd1 Rfb8 31. Rdd2 Kg7 32. Bg2 Kf6 33. Bxe4 fxe4 34. g4 h5 35. h3 a4 36. Kg3 e3 37. Rc2 d4 38. cxd4 cxd4 39. Kf3 hxg4+ 40. hxg4 Rh8 41. Ke4 Rd8 42. Rc4 Ra8 43. Rxd4 Nd5 44. g5+ Kg7 45. f5 exf5+ 46. Kxd5 Rb5+ 47. Kd6 Rd8+ 48. Nd7 Rb7 49. Ke7 Ra8 50. Rxe3 Rxb2 51. Ne5 Rb3 52. Rxb3 axb3 53. Rb4 Rxa3 54. Ke6 f4 55. Rxf4 Ra6+ 56. Kf5 Rb6 57. Rf1 b2 58. Rb1 Rb5 59. Ke4 Rb4+ 60. Kd5 Rb3 61. Kd4 Rb4+ 62. Kd3 Rb5 63. Kd4 Rb4+ 64. Kc5 Rb3 65. Kc4 Re3 66. Nd3 Rg3 67. Rxb2 Rxg5 68. Kd4 Kf6 69. Rb6+ Ke7 70. Ne5 Rg1 71. Nd3 Rg5 72. Nf4 Rg1 73. Nd5+ Kd7 74. Rh6 1/2-1/2

[Event "SLO-chT1a West"]
[Site "Ljubljana"]
[Date "2009.10.10"]
[Round "3.6"]
[White "Ivetic, Saso"]
[Black "Pazlar, Marko"]
[Result "1-0"]
[WhiteElo "2025"]
[BlackElo "2054"]
[PlyCount "89"]
[EventDate "2009.10.09"]
[EventType "team-tourn"]
[EventRounds "9"]
[EventCountry "SLO"]
[SourceTitle "EXT 2012"]
[Source "ChessBase"]
[SourceDate "2011.11.24"]
[SourceVersion "1"]
[SourceVersionDate "2011.11.24"]
[SourceQuality "1"]
[WhiteTeam "Kocevje"]
[BlackTeam "Jesenice"]
[WhiteTeamCountry "SLO"]
[BlackTeamCountry "SLO"]

1. e4 e6 2. d4 d5 3. Nc3 Bb4 4. e5 c5 5. a3 Bxc3+ 6. bxc3 Ne7 7. Nf3 Nbc6 8. a4 Qa5 9. Bd2 c4 10. Be2 0-0 11. 0-0 f6 12. exf6 Rxf6 13. Bg5 Rf7 14. Qd2 Qc7 15. Be3 Bd7 16. Ng5 Rf6 17. f4 Nf5 18. g3 Nd6 19. Nf3 Ne4 20. Qe1 Qa5 21. Bd2 b5 22. axb5 Qxb5 23. Bc1 a5 24. Ba3 Be8 25. Bd1 a4 26. Qe3 Qa5 27. Bb2 Rb8 28. Ra2 Bg6 29. Be2 Rf7 30. Rfa1 Qb6 31. Bc1 Ra7 32. Nh4 Bf7 33. Bf3 Nd6 34. Ba3 Nb7 35. Bg4 Re8 36. Nf3 Ra5 37. Ng5 e5 38. Nxf7 Kxf7 39. Bd7 Rd8 40. Bxc6 Qxc6 41. fxe5 Re8 42. Rb2 Rb5 43. Qf3+ Kg8 44. Rf1 h6 45. Qf7+ 1-0

[Event "SLO-chT1 West"]
[Site "Ljubljana"]
[Date "2008.11.23"]
[Round "9.5"]
[White "Ivetic, Saso"]
[Black "Dezelak, Brane"]
[Result "1-0"]
[WhiteElo "2030"]
[BlackElo "2124"]
[PlyCount "121"]
[EventDate "2008.11.13"]
[EventType "team-tourn"]
[EventRounds "9"]
[EventCountry "SLO"]
[SourceTitle "EXT 2010"]
[Source "ChessBase"]
[SourceDate "2010.11.25"]
[SourceVersion "1"]
[SourceVersionDate "2010.11.25"]
[SourceQuality "1"]
[WhiteTeam "Kocevje"]
[BlackTeam "Stari Mayr Kranj"]
[WhiteTeamCountry "SLO"]
[BlackTeamCountry "SLO"]

1. e4 c5 2. Nf3 d6 3. d4 cxd4 4. Nxd4 a6 5. Nc3 b5 6. Bd3 Qc7 7. 0-0 Nf6 8. Qe2 e6 9. f4 Nbd7 10. Be3 Bb7 11. a3 Be7 12. Kh1 0-0 13. Qf3 Nc5 14. Rae1 Rfe8 15. Bg1 Rad8 16. Qh3 Nxd3 17. cxd3 Bc8 18. Nf3 e5 19. f5 Bb7 20. g4 h6 21. Be3 d5 22. Bxh6 dxe4 23. dxe4 gxh6 24. Qxh6 Nh7 25. g5 Bf8 26. Qh5 Bg7 27. f6 Bh8 28. Rg1 Nf8 29. Nh4 Ng6 30. Nxg6 fxg6 31. Qxg6+ Kf8 32. Qh6+ Kg8 33. Qg6+ Kf8 34. Ref1 Re6 35. Qh6+ Kg8 36. f7+ Qxf7 37. Qxh8+ Kxh8 38. Rxf7 Bc6 39. h4 Be8 40. Rf8+ Kg7 41. Rgf1 Rd4 42. Kg2 Bg6 43. Kg3 Bh5 44. Rb8 Rd3+ 45. Kg2 Rd4 46. Rff8 Bg6 47. Rfc8 Re7 48. Kf3 Bf7 49. Rd8 Bh5+ 50. Ke3 Rxd8 51. Rxd8 Rf7 52. Nd5 Rf3+ 53. Kd2 Bf7 54. Ne7 Rf2+ 55. Ke3 Rg2 56. Nc6 Rg3+ 57. Kf2 Rg4 58. Nxe5 Rxe4 59. Nxf7 Kxf7 60. Kg3 Re2 61. Ra8 1-0

[Event "SLO-chT1 West"]
[Site "Ljubljana"]
[Date "2008.11.21"]
[Round "6.5"]
[White "Jeraj, Zlatko"]
[Black "Ivetic, Saso"]
[Result "1/2-1/2"]
[WhiteElo "2132"]
[BlackElo "2030"]
[PlyCount "81"]
[EventDate "2008.11.13"]
[EventType "team-tourn"]
[EventRounds "9"]
[EventCountry "SLO"]
[SourceTitle "EXT 2010"]
[Source "ChessBase"]
[SourceDate "2010.11.25"]
[SourceVersion "1"]
[SourceVersionDate "2010.11.25"]
[SourceQuality "1"]
[WhiteTeam "Jesenice"]
[BlackTeam "Kocevje"]
[WhiteTeamCountry "SLO"]
[BlackTeamCountry "SLO"]

1. d4 g6 2. c4 Bg7 3. Nc3 d6 4. Nf3 Nf6 5. e4 0-0 6. Be2 e5 7. dxe5 dxe5 8. Bg5 Qe8 9. Nd5 Nxd5 10. cxd5 c6 11. 0-0 cxd5 12. Qxd5 Nc6 13. Bb5 Qe6 14. Rfd1 h6 15. Be3 Qf6 16. Qc5 Be6 17. Bxc6 bxc6 18. Qxc6 Rfc8 19. Qa6 Rc2 20. b3 Qe7 21. h3 Qb4 22. Qd3 Rac8 23. Bd2 Qa3 24. Rdb1 Rxa2 25. Bb4 Rxa1 26. Bxa3 Rxa3 27. Qd6 Ra2 28. Nxe5 Rcc2 29. Rf1 Bf8 30. Qd8 Rd2 31. Qb8 Kg7 32. Nc4 Re2 33. Ne3 Be7 34. Qc7 Bf8 35. Qe5+ Kh7 36. Nd5 Bg7 37. Qb8 Rxe4 38. Ne7 h5 39. Qg8+ Kh6 40. Qb8 Kh7 41. Qg8+ 1/2-1/2

[Event "SLO-chT1 West"]
[Site "Ljubljana"]
[Date "2008.11.16"]
[Round "5.3"]
[White "Ivetic, Saso"]
[Black "Skok, Boris"]
[Result "1/2-1/2"]
[WhiteElo "2030"]
[BlackElo "2085"]
[PlyCount "61"]
[EventDate "2008.11.13"]
[EventType "team-tourn"]
[EventRounds "9"]
[EventCountry "SLO"]
[SourceTitle "EXT 2010"]
[Source "ChessBase"]
[SourceDate "2010.11.25"]
[SourceVersion "1"]
[SourceVersionDate "2010.11.25"]
[SourceQuality "1"]
[WhiteTeam "Kocevje"]
[BlackTeam "Komenda"]
[WhiteTeamCountry "SLO"]
[BlackTeamCountry "SLO"]

1. e4 c5 2. Nf3 e6 3. d4 cxd4 4. Nxd4 Nc6 5. Nc3 Qc7 6. Nb3 a6 7. Bd3 Nf6 8. 0-0 Be7 9. f4 d6 10. Qf3 0-0 11. a3 Re8 12. Bd2 Bf8 13. Rae1 Re7 14. Kh1 b5 15. Qg3 g6 16. Ne2 Bb7 17. Bc3 Nh5 18. Qh4 Ree8 19. Rf3 Be7 20. Qf2 Bf6 21. Bxf6 Nxf6 22. Rh3 Qe7 23. Qg3 Kh8 24. Nd2 Nh5 25. Qf2 f5 26. Ng3 Nxg3+ 27. Qxg3 Qf6 28. Nf3 Kg7 29. Ng5 h5 30. c3 Rab8 31. Nf3 1/2-1/2

[Event "SLO-chT1 West"]
[Site "Ljubljana"]
[Date "2008.11.15"]
[Round "4.4"]
[White "Ivetic, Saso"]
[Black "Pahor, Milos"]
[Result "1/2-1/2"]
[WhiteElo "2030"]
[BlackElo "2098"]
[PlyCount "90"]
[EventDate "2008.11.13"]
[EventType "team-tourn"]
[EventRounds "9"]
[EventCountry "SLO"]
[SourceTitle "EXT 2010"]
[Source "ChessBase"]
[SourceDate "2010.11.25"]
[SourceVersion "1"]
[SourceVersionDate "2010.11.25"]
[SourceQuality "1"]
[WhiteTeam "Kocevje"]
[BlackTeam "Nova Gorica"]
[WhiteTeamCountry "SLO"]
[BlackTeamCountry "SLO"]

1. e4 c5 2. Nf3 e6 3. d4 cxd4 4. Nxd4 a6 5. Nc3 b5 6. Bd3 Qb6 7. Nb3 Qc7 8. 0-0 Bb7 9. Qe2 Nc6 10. Be3 d6 11. a4 b4 12. Na2 Nf6 13. c3 bxc3 14. Nxc3 Be7 15. Rac1 0-0 16. a5 Qd8 17. Bb6 Qb8 18. Na4 Nd7 19. Nd4 Nxd4 20. Bxd4 Rc8 21. Qg4 Bf8 22. f4 Bc6 23. Nb6 Nxb6 24. Bxb6 Qb7 25. Qe2 Be7 26. Bd4 Bb5 27. Bc3 Bxd3 28. Qxd3 Rc5 29. Qg3 Bf8 30. Rce1 Rc4 31. Qd3 Rac8 32. Rf3 d5 33. exd5 Qxd5 34. Qxd5 exd5 35. Rd1 d4 36. Be1 Rc1 37. Rfd3 R8c2 38. Kf1 Rxd1 39. Rxd1 Rxb2 40. Rxd4 Rb1 41. Ke2 f6 42. Rd7 Rb2+ 43. Kf3 Rb1 44. Ke2 Rb2+ 45. Kf3 Rb1 1/2-1/2

[Event "SLO-chT2"]
[Site "Ljubljana"]
[Date "2007.11.18"]
[Round "5.5"]
[White "Ivetic, Saso"]
[Black "Skok, Joze"]
[Result "0-1"]
[WhiteElo "1976"]
[BlackElo "2061"]
[PlyCount "52"]
[EventDate "2007.11.15"]
[EventType "team"]
[EventRounds "9"]
[EventCountry "SLO"]
[SourceTitle "CBM 121 Extra"]
[Source "ChessBase"]
[SourceDate "2008.01.10"]
[SourceVersion "1"]
[SourceVersionDate "2008.01.10"]
[SourceQuality "1"]
[WhiteTeam "Kocevje"]
[BlackTeam "Domzale"]
[WhiteTeamCountry "SLO"]
[BlackTeamCountry "SLO"]

1. e4 c6 2. d4 d5 3. e5 Bf5 4. Be3 e6 5. Nd2 Nd7 6. Nb3 Qb6 7. c3 c5 8. Qd2 a5 9. Nf3 a4 10. dxc5 Bxc5 11. Nbd4 Ne7 12. Bb5 Nc6 13. Nxf5 exf5 14. Bd3 Bxe3 15. fxe3 g6 16. Nd4 Ndxe5 17. Bb5 0-0 18. Qe2 Ng4 19. 0-0-0 Rfe8 20. Rd3 Nxd4 21. Rxd4 Rxe3 22. Qf1 a3 23. h3 axb2+ 24. Kxb2 Qa5 25. Rxg4 Qxa2+ 26. Kc1 Qa1+ 0-1

[Event "SLO-chT2"]
[Site "Ljubljana"]
[Date "2007.11.17"]
[Round "4.6"]
[White "Peteh, Uros"]
[Black "Ivetic, Saso"]
[Result "0-1"]
[WhiteElo "2021"]
[BlackElo "1976"]
[PlyCount "58"]
[EventDate "2007.11.15"]
[EventType "team"]
[EventRounds "9"]
[EventCountry "SLO"]
[SourceTitle "CBM 121 Extra"]
[Source "ChessBase"]
[SourceDate "2008.01.10"]
[SourceVersion "1"]
[SourceVersionDate "2008.01.10"]
[SourceQuality "1"]
[WhiteTeam "Komenda"]
[BlackTeam "Kocevje"]
[WhiteTeamCountry "SLO"]
[BlackTeamCountry "SLO"]

1. e4 d6 2. d4 Nf6 3. Nc3 g6 4. Be2 Bg7 5. h4 c5 6. h5 cxd4 7. h6 Bxh6 8. Bxh6 dxc3 9. b3 Rg8 10. Qd3 Qa5 11. f4 Nc6 12. Bf3 Nb4 13. Qd1 d5 14. a3 Nxc2+ 15. Qxc2 dxe4 16. b4 Qd5 17. Rd1 Qc6 18. Be2 Bf5 19. Bg5 Nd5 20. Qc1 f6 21. Bh4 0-0-0 22. Bf2 c2 23. Rd4 Qc3+ 24. Kf1 Nxf4 25. Rxd8+ Rxd8 26. Be1 Qc7 27. Rxh7 g5 28. Rg7 Ne6 29. g4 Qf4+ 0-1

[Event "SLO-chT1 West"]
[Site "Otocec"]
[Date "2006.11.26"]
[Round "9"]
[White "Trebusak, Anton"]
[Black "Ivetic, Saso"]
[Result "1/2-1/2"]
[WhiteElo "2061"]
[BlackElo "1968"]
[PlyCount "28"]
[EventDate "2006.11.16"]
[EventType "team"]
[EventRounds "9"]
[EventCountry "SLO"]
[SourceTitle "EXT 2008"]
[Source "ChessBase"]
[SourceDate "2007.11.25"]
[SourceVersion "1"]
[SourceVersionDate "2007.11.25"]
[SourceQuality "1"]

1. d4 g6 2. Nf3 Nf6 3. g3 Bg7 4. Bg2 0-0 5. 0-0 d6 6. Re1 Nbd7 7. e4 e5 8. c3 c6 9. Qb3 Qc7 10. Na3 Nb6 11. dxe5 dxe5 12. Be3 Be6 13. Qc2 Ng4 14. Bc5 Rfd8 1/2-1/2

[Event "SLO-chT1 West"]
[Site "Otocec"]
[Date "2006.11.24"]
[Round "6"]
[White "Ivetic, Saso"]
[Black "Kodric, Martin"]
[Result "0-1"]
[WhiteElo "1968"]
[BlackElo "2278"]
[PlyCount "130"]
[EventDate "2006.11.16"]
[EventType "team"]
[EventRounds "9"]
[EventCountry "SLO"]
[SourceTitle "EXT 2008"]
[Source "ChessBase"]
[SourceDate "2007.11.25"]
[SourceVersion "1"]
[SourceVersionDate "2007.11.25"]
[SourceQuality "1"]

1. e4 c5 2. Nf3 Nc6 3. d4 cxd4 4. Nxd4 Nf6 5. Nc3 d6 6. Be2 e5 7. Nf3 h6 8. h3 Be7 9. Be3 Be6 10. Qd2 d5 11. exd5 Nxd5 12. Nxd5 Qxd5 13. Qxd5 Bxd5 14. c3 f5 15. Bb5 f4 16. Bd2 0-0 17. 0-0 Rad8 18. Rfd1 e4 19. Nh2 a6 20. Ba4 Ne5 21. Bxf4 Rxf4 22. Rxd5 Rxd5 23. Bb3 Bc5 24. Bxd5+ Kf8 25. Rf1 Nd3 26. g3 Rxf2 27. Rxf2+ Bxf2+ 28. Kg2 e3 29. Bxb7 e2 30. Nf3 e1Q 31. Nxe1 Bxe1 32. Bxa6 Nxb2 33. c4 Na4 34. Kf3 Ke7 35. h4 g6 36. Bb7 Bb4 37. Be4 Kf6 38. Bc6 Nc5 39. Bd5 Ba3 40. Bc6 Kf5 41. g4+ Ke5 42. Ke3 g5 43. hxg5 hxg5 44. Be8 Ne4 45. Bf7 Nf6 46. Kf3 Kd4 47. Be6 Ne4 48. Bd5 Nc3 49. Bf7 Bc5 50. Be6 Nxa2 51. Bf7 Nb4 52. Be6 Nd3 53. Bc8 Ne5+ 54. Kg3 Nxc4 55. Kf3 Ne5+ 56. Kg3 Ke3 57. Bf5 Nd3 58. Bc8 Bd6+ 59. Kg2 Kf4 60. Bf5 Ne5 61. Kh3 Kf3 62. Bc8 Nd3 63. Bb7+ Kf2 64. Bc8 Nc1 65. Ba6 Ne2 0-1

[Event "SLO-chT1 West"]
[Site "Otocec"]
[Date "2006.11.18"]
[Round "4"]
[White "Semrl, Marjan"]
[Black "Ivetic, Saso"]
[Result "1/2-1/2"]
[WhiteElo "2190"]
[BlackElo "1968"]
[PlyCount "104"]
[EventDate "2006.11.16"]
[EventType "team"]
[EventRounds "9"]
[EventCountry "SLO"]
[SourceTitle "EXT 2008"]
[Source "ChessBase"]
[SourceDate "2007.11.25"]
[SourceVersion "1"]
[SourceVersionDate "2007.11.25"]
[SourceQuality "1"]

1. d4 g6 2. e4 d6 3. Nc3 Nf6 4. Be3 c6 5. Qd2 b5 6. Bd3 Nbd7 7. Nf3 e5 8. dxe5 dxe5 9. 0-0 Bb7 10. Rfe1 Qe7 11. Rad1 Bg7 12. Bh6 Bxh6 13. Qxh6 Ng4 14. Qd2 Ngf6 15. Ne2 0-0 16. Ng3 Rfe8 17. h3 Rad8 18. Bf1 Nc5 19. Qe3 Rxd1 20. Rxd1 a6 21. c3 Ncd7 22. b4 c5 23. a3 c4 24. Be2 Nf8 25. Rd2 N6d7 26. Bd1 Ne6 27. Qa7 Bc8 28. Bc2 Nf4 29. Ne2 Nxe2+ 30. Rxe2 Qf6 31. Rd2 Qe6 32. Qc7 Kg7 33. Rd6 Qe7 34. Qc6 Nf6 35. Rxf6 Bd7 36. Qd6 Qxf6 37. Qxd7 Rd8 38. Qa7 Qf4 39. Qe3 Qxe3 40. fxe3 f6 41. Kf2 Kf7 42. Ke2 Ke6 43. Nd2 Ra8 44. a4 Ra7 45. Nb1 Rb7 46. Na3 Rb8 47. Bd1 Kd6 48. Kd2 Kc6 49. Kc2 Kd6 50. Bg4 Ke7 51. Be2 Kd6 52. Kd2 Rb7 1/2-1/2

[Event "SLO-chT"]
[Site "Bled"]
[Date "2005.11.13"]
[Round "9"]
[White "Luzar, Borut"]
[Black "Ivetic, Saso"]
[Result "1/2-1/2"]
[WhiteElo "1950"]
[BlackElo "1991"]
[PlyCount "22"]
[EventDate "2005.11.03"]
[EventType "team"]
[EventRounds "9"]
[EventCountry "SLO"]
[SourceTitle "CBM 109 Extra"]
[Source "ChessBase"]
[SourceDate "2006.01.03"]
[SourceVersion "2"]
[SourceVersionDate "2006.01.03"]
[SourceQuality "1"]

1. c4 Nf6 2. Nc3 d5 3. cxd5 Nxd5 4. d4 Nxc3 5. bxc3 g6 6. Nf3 Bg7 7. e3 c5 8. Bb5+ Bd7 9. Bxd7+ Nxd7 10. 0-0 0-0 11. Rb1 cxd4 1/2-1/2

[Event "SLO-chT"]
[Site "Bled"]
[Date "2005.11.05"]
[Round "3"]
[White "Ivetic, Saso"]
[Black "Jeran, Bostjan"]
[Result "0-1"]
[WhiteElo "1991"]
[BlackElo "2097"]
[PlyCount "48"]
[EventDate "2005.11.03"]
[EventType "team"]
[EventRounds "9"]
[EventCountry "SLO"]
[SourceTitle "CBM 109 Extra"]
[Source "ChessBase"]
[SourceDate "2006.01.03"]
[SourceVersion "2"]
[SourceVersionDate "2006.01.03"]
[SourceQuality "1"]

1. e4 c5 2. Nf3 d6 3. d4 cxd4 4. Nxd4 Nf6 5. Nc3 a6 6. Be3 e6 7. Be2 Be7 8. g4 Nfd7 9. Qd2 b5 10. 0-0-0 Bb7 11. f3 b4 12. Na4 Qa5 13. b3 Nc5 14. a3 Nxa4 15. axb4 Qc7 16. bxa4 0-0 17. Nb3 Nc6 18. Kb1 Rfc8 19. f4 Nxb4 20. Bd3 d5 21. exd5 Bxd5 22. Rhf1 Rab8 23. Bd4 Nxc2 24. Bxc2 Bxb3 0-1

[Event "SLO-chT"]
[Site "Bled"]
[Date "2005.11.03"]
[Round "1"]
[White "Ivetic, Saso"]
[Black "Ivanusa, Blaz"]
[Result "1/2-1/2"]
[WhiteElo "1991"]
[BlackElo "2008"]
[PlyCount "60"]
[EventDate "2005.11.03"]
[EventType "team"]
[EventRounds "9"]
[EventCountry "SLO"]
[SourceTitle "CBM 109 Extra"]
[Source "ChessBase"]
[SourceDate "2006.01.03"]
[SourceVersion "2"]
[SourceVersionDate "2006.01.03"]
[SourceQuality "1"]

1. e4 d5 2. exd5 Qxd5 3. Nc3 Qd6 4. d4 Nf6 5. Nf3 a6 6. Bc4 b5 7. Bb3 e6 8. 0-0 Bb7 9. h3 c5 10. dxc5 Qxd1 11. Rxd1 Bxf3 12. gxf3 Bxc5 13. Ne4 Nbd7 14. c3 0-0 15. Nxc5 Nxc5 16. Bc2 Rfc8 17. Be3 Nd5 18. Rd2 Rab8 19. Rad1 h6 20. Bd4 Kf8 21. Be5 Rb6 22. Be4 Na4 23. Bxd5 exd5 24. Bd4 Rb7 25. Re1 Nc5 26. Re5 Rd7 27. Be3 Na4 28. Bd4 Nc5 29. Be3 Na4 30. Bd4 Nc5 1/2-1/2

[Event "Ljubljana op 15th"]
[Site "Ljubljana"]
[Date "2004.07.10"]
[Round "1"]
[White "Ivetic, Saso"]
[Black "Zelcic, Robert"]
[Result "0-1"]
[WhiteElo "1985"]
[BlackElo "2521"]
[PlyCount "90"]
[EventDate "2004.07.10"]
[EventType "swiss"]
[EventRounds "9"]
[EventCountry "SLO"]
[SourceTitle "CBM 101 Extra"]
[Source "ChessBase"]
[SourceDate "2004.09.01"]
[SourceVersion "2"]
[SourceVersionDate "2004.09.01"]
[SourceQuality "1"]

1. e4 Nf6 2. e5 Nd5 3. d4 d6 4. Nf3 Nb6 5. a4 a5 6. h3 g6 7. Bf4 Bg7 8. Nbd2 0-0 9. Be2 Nc6 10. 0-0 Nxd4 11. c3 Nxf3+ 12. Nxf3 Be6 13. exd6 cxd6 14. Re1 Bd5 15. Be3 Bc6 16. Nd4 Nd7 17. Nb5 Nc5 18. Ra3 Qd7 19. Bc1 Rfd8 20. h4 h5 21. c4 Ne4 22. Bd3 Nf6 23. Bc2 Ng4 24. Nd4 e5 25. Nf3 Qc7 26. Ng5 d5 27. c5 e4 28. g3 Be5 29. Nh3 e3 30. f4 d4 31. fxe5 Nxe5 32. Ng5 d3 33. Rxe3 dxc2 34. Qxc2 Rd4 35. Re1 Ng4 36. Bf4 Rxf4 37. gxf4 Qxf4 38. Rd3 Ne5 39. Rde3 Qg4+ 40. Kh2 Qxh4+ 41. Nh3 Ng4+ 42. Kg1 Nxe3 43. Rxe3 Qg4+ 44. Kh2 Rd8 45. Re1 Rd3 0-1

[Event "SLO-chT2W"]
[Site "Bled"]
[Date "2003.11.13"]
[Round "5"]
[White "Osolin, Bojan"]
[Black "Ivetic, Saso"]
[Result "1/2-1/2"]
[WhiteElo "2129"]
[BlackElo "1510"]
[PlyCount "108"]
[EventDate "2003.11.07"]
[EventType "team"]
[EventRounds "8"]
[EventCountry "SLO"]
[SourceTitle "EXT 2005"]
[Source "ChessBase"]
[SourceDate "2004.11.15"]
[SourceVersion "1"]
[SourceVersionDate "2004.11.15"]
[SourceQuality "1"]

1. e4 e6 2. d4 d5 3. Nd2 c5 4. exd5 Qxd5 5. Ngf3 cxd4 6. Bc4 Qd6 7. 0-0 Nf6 8. Nb3 Nc6 9. Nbxd4 Nxd4 10. Qxd4 Qxd4 11. Nxd4 a6 12. Be2 Bd7 13. Bf3 0-0-0 14. c4 Bd6 15. Be3 e5 16. Nb3 e4 17. Be2 Ng4 18. c5 Bxh2+ 19. Kh1 Nxe3 20. fxe3 Be5 21. Na5 Bb5 22. Bxb5 axb5 23. Rxf7 Rd7 24. Rxd7 Kxd7 25. Nxb7 Kc6 26. Nd6 Bxd6 27. cxd6 Kxd6 28. Rc1 Rf8 29. Rd1+ Ke5 30. Rd4 Rf1+ 31. Kh2 Re1 32. Rb4 Rxe3 33. Rxb5+ Kf4 34. Rb7 g5 35. Rf7+ Kg4 36. Rxh7 Re2 37. Rb7 Rc2 38. a4 e3 39. Rb4+ Kf5 40. Kg3 e2 41. Kf2 e1Q+ 42. Kxe1 Rxg2 43. a5 Rg1+ 44. Kd2 Ra1 45. Rb5+ Kf4 46. b4 g4 47. Rb8 g3 48. Rf8+ Ke5 49. Re8+ Kd4 50. Re1 Ra2+ 51. Kd1 Ra1+ 52. Kd2 Ra2+ 53. Kc1 Ra1+ 54. Kd2 Ra2+ 1/2-1/2

[Event "SLO-chT2W"]
[Site "Bled"]
[Date "2003.11.09"]
[Round "4"]
[White "Ivetic, Saso"]
[Black "Marinsek, Tomaz"]
[Result "1/2-1/2"]
[WhiteElo "1510"]
[BlackElo "2214"]
[PlyCount "126"]
[EventDate "2003.11.07"]
[EventType "team"]
[EventRounds "8"]
[EventCountry "SLO"]
[SourceTitle "EXT 2005"]
[Source "ChessBase"]
[SourceDate "2004.11.15"]
[SourceVersion "1"]
[SourceVersionDate "2004.11.15"]
[SourceQuality "1"]

1. e4 d5 2. exd5 Qxd5 3. Nc3 Qa5 4. d4 c6 5. Nf3 Nf6 6. Bc4 Bf5 7. Bd2 e6 8. Qe2 Qc7 9. Ne5 h5 10. Bf4 Bd6 11. 0-0-0 Nbd7 12. f3 0-0-0 13. Rhe1 Nb6 14. Bb3 Nfd5 15. Bd2 Nxc3 16. Bxc3 Nd5 17. Bd2 f6 18. g4 Bh7 19. Nc4 Rhe8 20. Nxd6+ Qxd6 21. gxh5 Bf5 22. h6 g5 23. Rh1 Nf4 24. Bxf4 Qxf4+ 25. Kb1 Rd7 26. Bc4 Rh7 27. d5 cxd5 28. Bxd5 Rc7 29. Be4 Qe5 30. h4 g4 31. Qd3 gxf3 32. Bxf5 exf5 33. Qxf3 Qe4 34. Qb3 Rd7 35. Qc3+ Kb8 36. Qxf6 Rc7 37. Rd8+ Rxd8 38. Qxd8+ Rc8 39. Qd6+ Ka8 40. Rc1 Qxh4 41. Qe6 Rf8 42. Qg6 a6 43. Qg7 Qf6 44. Rf1 Qxg7 45. hxg7 Rg8 46. Rxf5 Rxg7 47. c3 Ka7 48. Kc2 Kb6 49. a4 Ka7 50. b4 b6 51. Rf6 Rg5 52. Kb3 Kb7 53. Re6 Rf5 54. Rh6 Rg5 55. Rf6 Rh5 56. Rf7+ Kb8 57. Rd7 Rf5 58. Kc4 Rh5 59. Re7 Rg5 60. Kd4 Rh5 61. Kc4 Rf5 62. Kd4 Rh5 63. c4 Rg5 1/2-1/2

[Event "SLO-chT2W"]
[Site "Bled"]
[Date "2003.11.08"]
[Round "2"]
[White "Ivetic, Saso"]
[Black "Navinsek, Thomaz"]
[Result "0-1"]
[WhiteElo "1510"]
[BlackElo "2309"]
[PlyCount "60"]
[EventDate "2003.11.07"]
[EventType "team"]
[EventRounds "8"]
[EventCountry "SLO"]
[SourceTitle "EXT 2005"]
[Source "ChessBase"]
[SourceDate "2004.11.15"]
[SourceVersion "1"]
[SourceVersionDate "2004.11.15"]
[SourceQuality "1"]

1. e4 e5 2. Nf3 d6 3. d4 exd4 4. Qxd4 a6 5. Bg5 Nc6 6. Bxd8 Nxd4 7. Nxd4 Kxd8 8. Nc3 g6 9. 0-0-0 Bg7 10. f4 Bg4 11. Be2 Bxe2 12. Ndxe2 Kc8 13. Rhe1 Nf6 14. h3 Re8 15. Ng3 Nd7 16. Kb1 Bxc3 17. bxc3 f6 18. Ne2 a5 19. Nd4 Ra6 20. f5 Rb6+ 21. Kc1 Nc5 22. fxg6 hxg6 23. Rf1 Nxe4 24. Rde1 d5 25. a4 Kd7 26. Re3 Nc5 27. Rxe8 Kxe8 28. Nb5 Kd7 29. Rf4 Nxa4 30. Nxc7 Nxc3 0-1